Pays ayant inventé le plus de sports populaires - Statistiques

Statistiques générales
  • Ce quiz a été pris 90 fois
  • Le résultat moyen est 6 sur 7
Statistiques - réponses
Hint Réponse % Correct
8 + sports mondiaux Royaume-Uni
100%
3 sports brésiliens Brésil
98%
5 + sports mondiaux Etats-Unis
95%
4 arts martiaux Japon
94%
3 pratiques mondiales Chine
91%
3 sports majeurs Canada
65%
2 sports olympiques Corée
41%
Aucun quiz correspondant
Distribution des résultats
% des personnes avec chaque résultat
Percentile par nombre de réponses
Votre historique - résultats
Vous n’avez pas pris ce quiz